000
00314nam a22001337a 4500
008
171124b xxu||||| |||| 00| 0 eng d
020
_a
9780321433329
041
_a
eng
080
_2
5 ED
_a
004
100
_a
31
101
_a
SHK
245
_a
DATA ABSTRACTION PROBLEM SOLVING WITH
_c
WALLS.M
942
_2
udc
_c
BK
999
_c
38450
_d
38450